Statistics, making sense of data / (Record no. 541495)
[ view plain ]
| 000 -LEADER | |
|---|---|
| fixed length control field | 00562pam a2200181 a 4500 |
| 020 ## - INTERNATIONAL STANDARD BOOK NUMBER | |
| International Standard Book Number | 0205087906 : |
| 082 00 - DEWEY DECIMAL CLASSIFICATION NUMBER | |
| Classification number | 001.422 |
| Author Mark | OLS |
| -- | m-158 |
| 100 1# - MAIN ENTRY--PERSONAL NAME | |
| Personal name | Olson, Chester L. |
| 9 (RLIN) | 36431 |
| 245 10 - TITLE STATEMENT | |
| Title | Statistics, making sense of data / |
| Statement of responsibility, etc. | Chester L. Olson. |
| 260 ## - PUBLICATION, DISTRIBUTION, ETC. | |
| Place of publication, distribution, etc. | Boston : |
| Name of publisher, distributor, etc. | Allyn and Bacon, |
| Date of publication, distribution, etc. | c1987. |
| 300 ## - PHYSICAL DESCRIPTION | |
| Extent | xv, 819, 103 p. : |
| Other physical details | ill. ; |
| Dimensions | 24 cm. |
| 526 ## - STUDY PROGRAM INFORMATION NOTE | |
| Program name | 0 |
| Interest level | 0 |
| Reading level | 0 |
| Title point value | 001_422000000000000_OLS |
| 526 ## - STUDY PROGRAM INFORMATION NOTE | |
| Program name | 0 |
| Interest level | 0 |
| Reading level | 0 |
| Title point value | 001_422000000000000_OLS |
| 526 ## - STUDY PROGRAM INFORMATION NOTE | |
| Program name | 0 |
| Interest level | 0 |
| Reading level | 0 |
| Title point value | 001_422000000000000_OLS |
| 650 #0 - SUBJECT ADDED ENTRY--TOPICAL TERM | |
| Topical term or geographic name entry element | MCE |
| 9 (RLIN) | 379 |
| 650 #0 - SUBJECT ADDED ENTRY--TOPICAL TERM | |
| Topical term or geographic name entry element | Statistics. |
| 9 (RLIN) | 69 |
| 942 ## - ADDED ENTRY ELEMENTS (KOHA) | |
| Source of classification or shelving scheme | |
| Koha item type | Book |
| Withdrawn status | Lost status | Source of classification or shelving scheme | Damaged status | Not for loan | Permanent Location | Current Location | Date acquired | Total Checkouts | Full call number | Barcode | Date last seen | Copy number | Price effective from | Koha item type |
|---|---|---|---|---|---|---|---|---|---|---|---|---|---|---|
| Military College of Engineering (MCE) | Military College of Engineering (MCE) | 08/01/2013 | 001.422 OLS | MCE-29343 | 08/01/2013 | 01 | 08/01/2013 | Book | ||||||
| Military College of Engineering (MCE) | Military College of Engineering (MCE) | 08/01/2013 | 001.422 OLS | MCE-29342 | 08/01/2013 | 02 | 08/01/2013 | Book | ||||||
| Military College of Engineering (MCE) | Military College of Engineering (MCE) | 08/01/2013 | 001.422 OLS | MCE-29344 | 08/01/2013 | 03 | 08/01/2013 | Book |
